Normal view
MARC view
- Amir, Zainab
Entry Personal Name
001 - CONTROL NUMBER
- control field: 125072
003 - CONTROL NUMBER IDENTIFIER
- control field: NUST
005 - DATE AND TIME OF LATEST TRANSACTION
- control field: 20240809110023.0
008 - FIXED-LENGTH DATA ELEMENTS
- fixed length control field: 240809|| aca||aabn | a|a d
040 ## - CATALOGING SOURCE
- Original cataloging agency: NUST
- Transcribing agency: NUST
100 ## - HEADING--PERSONAL NAME
- Personal name: Amir, Zainab
670 ## - SOURCE DATA FOUND
- Source citation: Work cat.: (NUST): Amir, Zainab, Fostering Green Creativity in the Manufacturing Sector of Pakistan: Unraveling the Nexus of Green Employee Empowerment, Psychological Green Climate, and Employee Green Commitment/
